| 000 | 00435nam a2200181Ia 4500 | ||
|---|---|---|---|
| 001 | 4439 | ||
| 005 | 20260306145756.0 | ||
| 008 | 260306t2015||||xx |||||||||||||| ||spa|| | ||
| 041 | _aESP | ||
| 082 |
_a321.80985 _bD68 |
||
| 100 |
_aDíaz Orihuela, Javier _eAUT |
||
| 245 | 0 |
_aPaniagua: _bhéroe de la democracia |
|
| 260 | _c2015 | ||
| 300 |
_a446 páginas : _c21 cm. |
||
| 650 | _aGEN | ||
| 654 | _aCDE | ||
| 942 |
_cLIB _dJUS _fJUS _2ddc _n |
||
| 999 |
_c4439 _d4439 |
||